Star Trek Typing Challenge Quiz Stats

 Plays Quiz not verified by Sporcle

Challenge
Share
Tweet
Embed
Score 0/43 Timer 01:00
0 Plays Today
Type: % Correct
????
100%
????
99%
????
98.6%
????
98.4%
????
98.3%
????
98%
????
97.8%
????
97.7%
????
97.5%
????
97.2%
????
97%
????
96.9%
????
96.7%
????
96.6%
????
96.5%
????
96.2%
????
96.1%
????
95.9%
????
95.7%
????
95.2%
????
94.7%
????
94.3%
Type: % Correct
????
93.6%
????
93%
????
92.4%
????
91.2%
????
89.9%
????
88.8%
????
87.3%
????
85.5%
????
83.8%
????
80.5%
????
77.7%
????
74.5%
????
70.6%
????
66.9%
????
61.2%
????
55.6%
????
48.5%
????
41.5%
????
33.6%
????
26.1%
????
20.7%

You're not logged in!

Compare scores with friends on all Sporcle quizzes.
OR
Log In

You Might Also Like...

Show Comments

Extras

Curator's Pick Mar 25, 2012ReportNominate
Tags:Star Trek Quiz, Typing Quiz, challenge

Top Quizzes Today


Score Distribution

Your Account Isn't Verified!

In order to create a playlist on Sporcle, you need to verify the email address you used during registration. Go to your Sporcle Settings to finish the process.

Report this User

Report this user for behavior that violates our Community Guidelines.

Details: